System BIOS for IBM PC-XT-AT: computers and compatibles

সংরক্ষণ করুন:
গ্রন্থ-পঞ্জীর বিবরন
বিন্যাস: গ্রন্থ
ভাষা:ইংরেজি
প্রকাশিত: Reading Addison-Wesley 1989
মালা:Phoenix Technical Reference Series
বিষয়গুলি:
ট্যাগগুলো: ট্যাগ যুক্ত করুন
কোনো ট্যাগ নেই, প্রথমজন হিসাবে ট্যাগ করুন!

MARC

LEADER 00000nam a2200000 a 4500
001 UCV6205
003 CL-VaPUC
008 900406e19890000US |||||||||||||||||eng|d
082 0 4 |a 621.391  |b SYS  |2 21 
245 1 0 |a System BIOS for IBM PC-XT-AT: computers and compatibles 
300 |a 524 p 
942 |c BK 
945 |d 19900406 00:00:00 
260 |a Reading  |b Addison-Wesley  |c 1989 
650 7 |a IBM PERSONAL COMPUTER  |2 CL-VaPUC  |9 263127 
650 0 |a Manuales  |9 257144 
650 0 |a Sistemas operativos   |9 260288 
650 0 |a Computadores  |9 258188 
650 7 |a COMPUTADORES ELECTRONICOS DIGITALES  |2 CL-VaPUC  |9 259415 
650 0 |a Programación   |9 259316 
583 |a last modification  |c 19900406 00:00:00  |k Rodrigo Vera 
490 0 |a Phoenix Technical Reference Series 
999 |c 212396  |d 212394 
952 |0 0  |1 0  |4 0  |6 621_391000000000000_SYS_1989  |7 0  |8 A  |9 193324  |a BIBING  |b BIBING  |d 2019-11-14  |i 2610736  |o 621.391 SYS 1989  |p 2610736  |r 2025-01-20  |w 2019-11-14  |y BK  |k EIE